Largest cities in the USA! - Statistics

General Stats
  • This quiz has been taken 111 times
  • The average score is 40 of 50
Answer Stats
# State City % Correct
2 California Los Angeles
99%
3 Illinois Chicago
97%
9 Texas Dallas
96%
4 Texas Houston
96%
1 New York New York City
96%
5 Arizona Phoenix
96%
11 Texas Austin
95%
8 California San Diego
94%
13 California San Francisco
94%
43 Florida Miami
92%
6 Pennsylvania Philadelphia
91%
21 Massachusetts Boston
90%
19 Colorado Denver
90%
37 Missouri Kansas City
90%
18 Washington Seattle
90%
28 Nevada Las Vegas
88%
27 Oklahoma Oklahoma City
88%
16 Indiana Indianapolis
87%
23 Michigan Detroit
86%
12 Florida Jacksonville
86%
24 Tennessee Nashville
86%
26 Oregon Portland
86%
7 Texas San Antonio
86%
17 North Carolina Charlotte
85%
49 Louisiana New Orleans
84%
10 California San Jose
84%
38 Georgia Atlanta
83%
30 Maryland Baltimore
83%
35 California Sacramento
83%
32 New Mexico Albuquerque
81%
14 Ohio Columbus
81%
22 Texas El Paso
81%
25 Tennessee Memphis
81%
46 Minnesota Minneapolis
79%
31 Wisconsin Milwaukee
78%
29 Kentucky Louisville
75%
15 Texas Fort Worth
74%
33 Arizona Tucson
74%
40 Nebraska Omaha
73%
41 North Carolina Raleigh
73%
47 Oklahoma Tulsa
68%
42 Colorado Colorado springs
64%
44 Virginia Virginia Beach
64%
45 California Oakland
59%
34 California Fresno
57%
39 California Long Beach
56%
50 Kansas Wichita
56%
36 Arizona Mesa
54%
48 Texas Arlington
44%
20 __________ __ D.C.
35%
No matching quizzes found
Score Distribution
Percent of People with Each Score
Percentile by Number Answered
Your Score History
You have not taken this quiz